BUDDHIST AND HINDU ARCHITECTURE IN INDIA (Record no. 25046)
[ view plain ]
| 000 -LEADER | |
|---|---|
| fixed length control field | 00329nam a22001457a 4500 |
| 003 - CONTROL NUMBER IDENTIFIER | |
| control field | SGT |
| 020 ## - INTERNATIONAL STANDARD BOOK NUMBER | |
| International Standard Book Number | 9788123909738 |
| 082 ## - DEWEY DECIMAL CLASSIFICATION NUMBER | |
| Classification number | 726.1430954,GRO |
| 100 ## - MAIN ENTRY--PERSONAL NAME | |
| Personal name | GROVER,SATISH |
| 245 ## - TITLE STATEMENT | |
| Title | BUDDHIST AND HINDU ARCHITECTURE IN INDIA |
| 250 ## - EDITION STATEMENT | |
| Edition statement | 2ND |
| 260 ## - PUBLICATION, DISTRIBUTION, ETC. (IMPRINT) | |
| Place of publication, distribution, etc | NEW DELHI |
| Name of publisher, distributor, etc | CBS PUB. |
| Year of Publication | 2022 |
| 300 ## - PAGE DESCRIPTION | |
| No. of Pages | 237 |
| 942 ## - ADDED ENTRY ELEMENTS (KOHA) | |
| Source of classification or shelving scheme | Dewey Decimal Classification |
| Koha item type | Books |
| Withdrawn status | Lost status | Source of classification or shelving scheme | Damaged status | Use restrictions | Not for loan | Collection code | Home library | Current library | Shelving location | Date acquired | Vendor Name | Cost, normal purchase price | SGTU | Bill Number | Full call number | Accession No. (Barcode) | Date last seen | Bill Date | Koha item type |
|---|---|---|---|---|---|---|---|---|---|---|---|---|---|---|---|---|---|---|---|
| Dewey Decimal Classification | Restricted Access | ENGINEERING | SGT Engineering Library | SGT Engineering Library | Reference Book | 11/09/2023 | AHUJA BOOK COMPANY | 1150.00 | SGTU | 16906 | 726.1430954,GRO | FE8800 | 11/09/2023 | 16/06/2023 | Books | ||||
| Dewey Decimal Classification | ENGINEERING | SGT Engineering Library | SGT Engineering Library | Text Book | 11/09/2023 | AHUJA BOOK COMPANY | 1150.00 | SGTU | 16906 | 726.1430954,GRO | FE8801 | 11/09/2023 | 16/06/2023 | Books | |||||
| Dewey Decimal Classification | ENGINEERING | SGT Engineering Library | SGT Engineering Library | Text Book | 11/09/2023 | AHUJA BOOK COMPANY | 1150.00 | SGTU | 16906 | 726.1430954,GRO | FE8802 | 11/09/2023 | 16/06/2023 | Books | |||||
| Dewey Decimal Classification | ENGINEERING | SGT Engineering Library | SGT Engineering Library | Text Book | 11/09/2023 | AHUJA BOOK COMPANY | 1150.00 | SGTU | 16906 | 726.1430954,GRO | FE8803 | 11/09/2023 | 16/06/2023 | Books | |||||
| Dewey Decimal Classification | ENGINEERING | SGT Engineering Library | SGT Engineering Library | Text Book | 11/09/2023 | AHUJA BOOK COMPANY | 1150.00 | SGTU | 16906 | 726.1430954,GRO | FE8804 | 11/09/2023 | 16/06/2023 | Books |